Statistics for a boogie wit da hoodie- friend zone lyrics

Click here to take the quiz!

General Stats

  • This quiz has been taken 4 times
  • The average score is 370 of 489

Answer Stats

Lyrics% Correct
a
100%
accent
100%
be
100%
black
100%
don't
100%
dont
100%
doors
100%
f**k
100%
friend
100%
he
100%
i
100%
in
100%
it
100%
its
100%
it's
100%
like
100%
my
100%
n***a
100%
she
100%
so
100%
to
100%
two
100%
when
100%
zone
100%
a-boogie
75%
all
75%
and
75%
another
75%
ass
75%
back
75%
backshots
75%
before
75%
b***h
75%
but
75%
every
75%
everytime
75%
f****n
75%
french
75%
get
75%
give
75%
good
75%
happened
75%
head
75%
her
75%
ill
75%
im
75%
jawn
75%
make
75%
man
75%
me
75%
new
75%
n****s
75%
on
75%
one
75%
out
75%
pussy
75%
put
75%
scoring
75%
some
75%
that
75%
thats
75%
the
75%
time
75%
toast
75%
told
75%
up
75%
wanna
75%
wanted
75%
whip
75%
with
75%
york
75%
about
50%
after
50%
autograph
50%
bad
50%
baddest
50%
bag
50%
balmain
50%
blow
50%
bout
50%
'bout
50%
butter
50%
cause
50%
come
50%
crib
50%
end
50%
everybody
50%
feel
50%
for
50%
from
50%
gas
50%
going
50%
got
50%
gotta
50%
home
50%
jackson
50%
just
50%
know
50%
laughed
50%
leave
50%
mad
50%
must
50%
now
50%
nut
50%
passed
50%
rap
50%
really
50%
sad
50%
said
50%
showed
50%
smoked
50%
started
50%
strap
50%
takin
50%
tell
50%
these
50%
titty
50%
took
50%
tried
50%
trippin
50%
we
50%
what
50%
whoever
50%
yeah
50%
zippers
50%
ah
25%
been
25%
b*****s
25%
can
25%
cant
25%
doing
25%
even
25%
f****d
25%
f******g
25%
f*****g
25%
gon
25%
have
25%
hit
25%
huh?
25%
huh
25%
let
25%
never
25%
oh
25%
only
25%
promised
25%
talk
25%
why
25%
without
25%
wont
25%
you
25%
your
25%

Score Distribution

Percentile by Number Answered

Percent of People with Each Score

Your Score History

You have not taken this quiz